| 000 | 00997cam a2200217 4500 | ||
|---|---|---|---|
| 001 | WB3802-13 | ||
| 008 | 020116n2002 000 0 eng u | ||
| 035 | _a(Sirsi) u116309 | ||
| 245 | _aSustainability surprise for London | ||
| 260 | _c2002 | ||
| 490 |
_aLondon First Centre News Release _v 15 January 2002 |
||
| 520 | _aA report, "A triple bottom line for London", by the Sustainability Unit at London First shows that though London's sustainability has been improving since 1995, it has dropped compared to last year. By including housing affordability in underlying social indicators, the report suggests that quality of life for Londoners has deteriorated but economic and environmental progress has been strong with London becoming a cleaner, greener city. | ||
| 590 | _aWB | ||
| 650 | _aLONDON | ||
| 650 | _aQUALITY OF LIFE | ||
| 650 |
_aSustainability _96271 |
||
| 650 | _aHOUSE PRICES | ||
| 650 |
_aAffordable housing _96215 |
||
| 690 | _aDEVELOPMENT-SUSTAINABLE | ||
| 942 | _n0 | ||
| 999 |
_c69285 _d69285 |
||